Warzywa bez samogłosek - Statystyki

Ogólne statystyki
  • Ten quiz został rozwiązany 6 689 razy
  • Średni wynik to 18 z 20
Statystyki odpowiedzi
Brakujący Warzywo % Poprawnych
KPST Kapusta
99%
MRCHW Marchew
99%
SZPNK Szpinak
99%
BRKŁ Brokuł
98%
CZSNK Czosnek
98%
SŁT Sałata
98%
CBL Cebula
97%
KLFR Kalafior
97%
SZPRG Szparag
97%
ZMNK Ziemniak
97%
GRSZK Groszek
96%
SLR Seler
96%
RZP Rzepa
94%
KKRDZ Kukurydza
93%
JRMŻ Jarmuż
91%
BRK Burak
84%
DN Dynia
83%
KRCZCH Karczoch
81%
MBR Imbir
43%
PŻMN Piżmian
13%
Nie znaleziono quizów pasujących do podanych kryteriów
Rozkład punktacji
Procent ludzi z każdym wynikiem
Percentyl według liczby udzielonych odpowiedzi
Twoja historia wyników
Nie rozwiązałeś tego quizu